JEELANI SAIMA HABEEB (Record no. 60663)

MARC details
000 -LEADER
fixed length control field 00467nam a2200169Ia 4500
008 - FIXED-LENGTH DATA ELEMENTS--GENERAL INFORMATION
fixed length control field 221001s9999 xx 000 0 und d
020 ## - INTERNATIONAL STANDARD BOOK NUMBER
International Standard Book Number 9789390619214
041 ## - LANGUAGE CODE
Language code of text/sound track or separate title eng
082 ## - DEWEY DECIMAL CLASSIFICATION NUMBER
Classification number 610.73
100 ## - MAIN ENTRY--PERSONAL NAME
Personal name HEALTH NURSING INFORMARICS AND TECHNOLOGY FOR BSC NURSING STUDENTS
9 (RLIN) 96247
245 ## - TITLE STATEMENT
Title JEELANI SAIMA HABEEB
250 ## - EDITION STATEMENT
Edition statement FIRST
260 ## - PUBLICATION, DISTRIBUTION, ETC. (IMPRINT)
Place of publication, distribution, etc. JALANDHAR
Name of publisher, distributor, etc. PV PUBLICATION
Date of publication, distribution, etc. 2022
300 ## - PHYSICAL DESCRIPTION
Extent 123
500 ## - GENERAL NOTE
Keywords CHN
650 ## - SUBJECT ADDED ENTRY--TOPICAL TERM
Topical term or geographic name as entry element COMMUNITY HEALTH NURSING
9 (RLIN) 181702
Holdings
Withdrawn status Lost status Damaged status Not for loan Home library Current library Date acquired Cost, normal purchase price Total Checkouts Full call number Barcode Checked out Date last seen Date last checked out Bill Date Koha item type Original Barcode
        Sitabai Nargundkar College of Nursing Nagpur Sitabai Nargundkar College of Nursing Nagpur 01/08/2022 225.00 1 610.73 SNCN-DB-89 16/03/2023 14/02/2023 14/02/2023 01/10/2022 Donated Book 89